| 000 | 00561nam a2200205 a 4500 | ||
|---|---|---|---|
| 005 | 20250307063819.0 | ||
| 008 | 040217s2002 mx r 000 0 spa d | ||
| 020 | _a968232355X | ||
| 035 | _aUPN01000131944 | ||
| 049 | _aCG | ||
| 050 | 4 |
_aLB1060 _bG5.3 |
|
| 100 | 1 | _aGiry, Marcel | |
| 245 | 1 | 0 |
_aAprender a razonar, aprender a pensar / _cMarcel Giry ; tr. de Glenn Gallardo. |
| 260 |
_aMéxico : _bSiglo XXI, _c2002. |
||
| 300 | _a209 p. | ||
| 650 | 4 |
_aAprendizaje _92861 |
|
| 650 | 4 |
_aRazonamiento _93600 |
|
| 650 | 4 |
_aPensamiento _95399 |
|
| 905 | _aLibro | ||
| 999 |
_c104099 _d104099 |
||